| 000 | 00447nam a22001817a 4500 | ||
|---|---|---|---|
| 005 | 20251108175653.0 | ||
| 008 | 250721s2018 xx 000 0 ara d | ||
| 082 | 1 | 4 | _a811.9565/يعق |
| 100 | 1 | _aيعقوب، سعيد | |
| 245 | 1 | 0 | _aدمعة وفاء / |
| 264 | _c2018. | ||
| 300 | _a250ص. | ||
| 650 | 1 | 7 | _aالشعر العربي |
| 650 | 1 | 7 | _aالاردن |
| 650 | 1 | 7 | _aالعصر الحديث |
| 942 |
_2ddc _cBK |
||
| 999 |
_c139625 _d139625 |
||